| 000 | 00848nam a22001937a 4500 | ||
|---|---|---|---|
| 999 |
_c2848 _d2848 |
||
| 003 | AR-CdUCM | ||
| 008 | 190305b ||||| |||| 00| 0 spa d | ||
| 040 |
_aMUNICIPALIDAD PROVINCIAL DEL CUSCO _cBIBLIOTECA MUNICIPAL DEL CUSCO |
||
| 082 |
_a989 / _bS 4 |
||
| 245 |
_aAmérica en el año 2000 : _bLa nueva cultura / |
||
| 260 |
_aLima : _bEditorial universo, |
||
| 300 |
_a137 paginas ; _c21 cm. |
||
| 505 | _aContenido :Potencialidades en el futuro de américa latina -- El futuro de la ciencia y la tecnología en américa latina -- La ciudad y el campo en américa latina -- Nueva tecnología en la construcción de ciudades -- Los recursos humanos y los patrones culturales del futuro ... | ||
| 650 |
_aCiudades modernas _9501 |
||
| 650 |
_aPoblación mundial _99877 |
||
| 650 |
_aAmérica latina _94491 |
||
| 942 |
_2ddc _cLIBROS |
||
| 945 | _arum | ||